00358nam a22001337a 450000500170000000800410001704100130005808200140007110000130008524500660009826000110016430000240017565000250019920231121132014.0231121b |||||||| |||| 00| 0 eng d aEnglish  a342.8 AFR lEnglish  aDeclaration of Principles on Freedom of Expression in Africa  c 2002  b8 pages ; c22 cm.  aLegal practice bLaw